00993nam a2200265 u 450000100070000000500170000700700030002400800410002703500110006804000130007904100080009208000070010010000300010724500780013726000460021550001070026152001360036865000210050465000300052565000350055570000310059070000290062170000340065070000430068488081420260506152542.0td040702uuuuuuuuu spa  a880814 ccomduadb aspa aHS10aMejia, Santiago4auteaut10aManifestacion al General Julian Trujillo de los vecinos de Santa Barbara1 aMedellín :bImprenta del Estado,c1877. aLugar y fecha: Santa Barbara, 16 de abril de 1877. Aparecen mas firmas de habitantes de Santa Barbara.3 aLos habitantes del distrito de Santa Barbara felicitan al General Julian Trujillo por su triunfo militar y le ofrecen su adhesion. aTrujillo, Julian aSanta Barbara (Antioquia) aAntioquia - Guerra civil, 187710aMejia, Guillermo4auteaut10aMejia, Ruperto4auteaut10aMejia, Francisco A.4auteaut10aAngel Londoño, Jesus Maria4auteaut